000 003290000a22001450004500
003 MACL
040 _aMACL
090 _c45214
_d45212
100 _aAgarwal, Amit M
245 _aObjective Approach To Mathematics Vol-2
260 _bArihant Prakashan,Meerut
350 _a395
650 _aMathematics
942 _cBOOK
_k510/AGA
999 _c44751
_d44751